000 00472nam a22001697a 4500
005 20251108164153.0
008 250721s1985 xx 000 0 ara d
082 1 4 _a342.55/نهج
100 1 _aمطلوب، أحمد
245 1 0 _aنهج خميني في ميزان الفكر الإسلامي /
264 1 _aعمان :
_bدار عمار،
_c1985.
300 _a114ص
650 1 7 _aإيران
650 1 7 _aدساتير الدول
942 _2ddc
_cBK
999 _c5394
_d5394